Statistics for City-states since the 20th century

Click here to take the quiz!

General Stats

  • This quiz has been taken 23 times
    (8 since last reset)
  • The average score is 5 of 25

Answer Stats

HintAnswer% Correct
ModernMonaco
100%
ModernSingapore
100%
ModernVatican City
83%
Modern non-sovereignHong Kong
50%
Modern non-sovereignMacau
50%
Modern non-sovereignBremen
33%
Modern non-sovereignHamburg
33%
Modern non-sovereignBerlin
17%
20th centuryDanzig
17%
20th centuryShanghai
17%
20th centuryWest Berlin
17%
Modern non-sovereignBasel-Stadt
0%
Modern non-sovereignCeuta
0%
20th centuryFiume
0%
Modern non-sovereignGibraltar
0%
20th centuryJerusalem
0%
ProposedLondon
0%
Modern non-sovereignMelilla
0%
20th centuryMemel
0%
ProposedMontreal
0%
ProposedNew York City
0%
ProposedOttawa
0%
20th centuryTangier
0%
ProposedToronto
0%
20th centuryTrieste
0%

Score Distribution

Percentile by Number Answered

Percent of People with Each Score

Your Score History

You have not taken this quiz since the last reset